Theory, method, and practice in computer content analysis
Αποθηκεύτηκε σε:
| Άλλοι συγγραφείς: | |
|---|---|
| Μορφή: | Βιβλίο |
| Γλώσσα: | English |
| Δημοσίευση: |
Westport, Conn. :
Ablex Pub.,
[c2001]
|
| Σειρά: | Progress in communication sciences ;
; 16 |
| Θέματα: | |
| Ετικέτες: |
Προσθήκη ετικέτας
Δεν υπάρχουν, Καταχωρήστε ετικέτα πρώτοι!
|
MARC
| LEADER | 00000cam a2200000 i 4500 | ||
|---|---|---|---|
| 001 | 1/55275 | ||
| 008 | 070919s2001 eng d | ||
| 020 | |a 1-56750-503-1 (pbk.) | ||
| 035 | |l 10090820 | ||
| 040 | |a GR-MY-UA |b gre |e aacr | ||
| 041 | 0 | |a eng | |
| 082 | 0 | |a 302.2 |2 (22) | |
| 245 | 1 | 0 | |a Theory, method, and practice in computer content analysis / |c edited by Mark D. West |
| 260 | |a Westport, Conn. : |b Ablex Pub., |c [c2001] | ||
| 300 | |a vi, 189 σ.; |b εικ.; |c 24 εκ. | ||
| 490 | 1 | |a Progress in communication sciences |v ; 16 | |
| 504 | |a Περιλαμβάνει βιβλιογραφικές αναφορές και ευρετήριο | ||
| 650 | 0 | 0 | |a Content analysis (Communication) |x Data processing. |
| 650 | 0 | 0 | |a Computers. |
| 700 | 1 | |a West, Mark D. |q (Mark Douglas) |e edt | |
| 830 | 0 | |a Progress in communication sciences ; |v ; 16 | |
| 852 | |a INST |b LESVOS |e 20070919 |h 302.2 THE |p 005100039071 |q 005100039071 |t BK |y 0 | ||
| 852 | |a INST |b RHODES |e 20081118 |h 302.2 THE |p 005400031278 |q 005400031278 |t BK |y 0 | ||
| 901 | |a BIBL1-2007-3 | ||
| 901 | |a BIBL4-2008-3 | ||
| 909 | |a Λ |b 138956 | ||
| 909 | |a Ρ |b 156250 | ||
| 922 | |a 1ΕΛΗ |b 200708 |c ΕΠΕΑΕΚ2/ΤΠ |d ΕΛΕΥΘΕΡΟΥΔΑΚΗΣ | ||
| 922 | |a 4ΕΛΗ |b 200810 |c ΕΠΕΑΕΚ2/ΤΕΠΑΕΣ |d ΜΙΧΑΛΟΠΟΥΛΟΣ | ||
| 970 | |a ΒΑΡΚΑ |b ΕΛΕΥΘΕΡΙΑ |z 2007/09/19 | ||